00271nam a22001097a 4500041001200000082001400012100003700026245002100063260003800084300000800122650003100130 aEnglish a239.8 BEN aChristianity and Communism Today aBennett, John C. aNew YorkbAssociation Pressc1948 a188 aChristianity and Communism